4 + 4 = 6 Quiz Stats

 Plays Quiz Updated Jan 14, 2018

Score 0/63 Timer 08:00
4 Plays Today
Hint Answer % Correct
Second 4-Letter WordVERA
87.1%
Second 4-Letter WordNEST
84.9%
First 4-Letter WordACHE
84.3%
First 4-Letter WordCOCO
84%
First 4-Letter WordTALE
83.3%
Second 4-Letter WordRENT
83.3%
Second 4-Letter WordLENT
82.7%
Second 4-Letter WordMILE
82.5%
Second 4-Letter WordPALM
82.4%
First 4-Letter WordNAPA
81.7%
First 4-Letter WordBLOT
78.5%
First 4-Letter WordMOLE
77.9%
6-Letter WordTALENT
76.8%
6-Letter WordNAPALM
73.4%
First 4-Letter WordVENI
73.3%
First 4-Letter WordHONE
73%
Second 4-Letter WordITCH
72.7%
First 4-Letter WordLIST
72%
Second 4-Letter WordNICE
71.3%
Second 4-Letter WordRAGE
71%
First 4-Letter WordPARE
70.6%
6-Letter WordVENICE
70.1%
Second 4-Letter WordOTTO
69.9%
6-Letter WordHONEST
69.8%
Second 4-Letter WordDOLE
69.3%
Second 4-Letter WordCOMA
69%
First 4-Letter WordSIMI
68.2%
First 4-Letter WordTACO
68.1%
6-Letter WordPARENT
67.8%
6-Letter WordLISTEN
67.5%
Second 4-Letter WordLEST
67.2%
6-Letter WordSIMILE
67.1%
Hint Answer % Correct
Second 4-Letter WordCOON
66.2%
6-Letter WordMOLEST
65.4%
6-Letter WordBLOTTO
64.8%
Second 4-Letter WordRATE
64.7%
Second 4-Letter WordSTEN
64.3%
6-Letter WordCOCOON
63.6%
6-Letter WordTACOMA
63.6%
First 4-Letter WordGAME
63.1%
First 4-Letter WordKARA
63%
6-Letter WordKARATE
62.1%
First 4-Letter WordFORA
59.9%
6-Letter WordFORAGE
59.8%
Second 4-Letter WordTATE
59%
First 4-Letter WordESTA
57.4%
Second 4-Letter WordDING
57.4%
First 4-Letter WordQUIT
53.5%
First 4-Letter WordWADI
53%
Second 4-Letter WordMETE
52.9%
6-Letter WordWADING
52.8%
6-Letter WordGAMETE
51.5%
6-Letter WordESTATE
50%
6-Letter WordQUITCH
47.1%
6-Letter WordRIVERA
46.6%
Second 4-Letter WordMAIN
46.6%
First 4-Letter WordRIVE
46.4%
First 4-Letter WordINDO
44.6%
6-Letter WordINDOLE
39.6%
First 4-Letter WordDOMA
38.8%
6-Letter WordDOMAIN
38.5%
6-Letter WordACHEBE
26.7%
Second 4-Letter WordHEBE
26.4%

You're not logged in!

Compare scores with friends on all Sporcle quizzes.
OR
Log In

You Might Also Like...

Show Comments

Extras

Top Quizzes Today


Score Distribution

Your Account Isn't Verified!

In order to create a playlist on Sporcle, you need to verify the email address you used during registration. Go to your Sporcle Settings to finish the process.

Report this User

Report this user for behavior that violates our Community Guidelines.

Details: